Statistiques concernant Animaux commençant par la lettre "A"

Cliquez ici pour prendre le quiz!

Statistiques générales

  • Ce quiz a été pris 407 fois
  • Le résultat moyen est 7 sur 9

Statistiques - réponses

IndiceAnimal% Correct
Ils produisent du miel.Abeille
100%
Petit du mouton.Agneau
96%
Plantent leurs têtes au sol lors d'un potentiel danger.Autruche
92%
Ils effraient beaucoup de personnes et se trouvent dans les maisons.Araignée
89%
Long serpent assez dangereux.Anaconda
86%
Ils courent très vite.Antilope
63%
Ils se trouvent dans les bayous.Alligator
56%
Leur vision est bien developpée.Aigle
51%
Ils vivent dans la mer et sont colorés.Anémone de mer
42%

Distribution des résultats

Percentile par nombre de réponses

% des personnes avec chaque résultat

Votre développement - résultats

Vous n’avez pas pris ce quiz